header

Psychology of risk perception (Record no. 65878)

MARC details
000 -LEADER
fixed length control field 01435nam a2200361Ia 4500
082 04 - DEWEY DECIMAL CLASSIFICATION NUMBER
Classification number 302/.12
245 00 - TITLE STATEMENT
Title Psychology of risk perception
260 ## - PUBLICATION, DISTRIBUTION, ETC. (IMPRINT)
Place of publication New York :
Name of publisher Nova Science Publishers,
Year of publication c2010.
300 ## - PHYSICAL DESCRIPTION
Number of Pages xiii, 203 p. :
Other physical details ill.
490 1# - SERIES STATEMENT
Series statement Psychology of emotions, motivations and actions series
650 #0 - SUBJECT ADDED ENTRY--TOPICAL TERM
Topical Term Risk perception
Topical Term Risk-taking (Psychology)
700 1# - ADDED ENTRY--PERSONAL NAME
Personal name Lavino, Joana G.
Personal name Neumann, Rasmus B.
856 40 - ELECTRONIC LOCATION AND ACCESS
Uniform Resource Identifier http://site.ebrary.com/lib/rucke/Doc?id=10661649

No items available.

© 2026 Rongo University
Contact us: librarian | system librarian | Rongo university